Normal view MARC view
  • Coppel, Alfred.

Entry Personal Name

Number of records used in: 1

001 - CONTROL NUMBER

  • control field: 24114

003 - CONTROL NUMBER IDENTIFIER

  • control field: NUST

005 - DATE AND TIME OF LATEST TRANSACTION

  • control field: 20191016111315.0

008 - FIXED-LENGTH DATA ELEMENTS

  • fixed length control field: 191016|| aca||aabn | a|a d

040 ## - CATALOGING SOURCE

  • Original cataloging agency: NUST
  • Transcribing agency: NUST

100 ## - HEADING--PERSONAL NAME

  • Personal name: Coppel, Alfred.

670 ## - SOURCE DATA FOUND

  • Source citation: Work cat.: (NUST)0: Coppel, Alfred., Thirty-four east., [1974]
© 2023 Central Library, National University of Sciences and Technology. All Rights Reserved.